Quizzes
Events
Quiz Creation
Community
Videos
Private Events
Remove Ads
Sign In
Join for FREE
Feedback
Dark Mode
Quiz Categories
Sports
Geography
Music
Movies
Television
Just For Fun
Miscellaneous
History
Literature
Language
Science
Gaming
Entertainment
Religion
Holiday
For Kids
Quiz Lab
Recent
Popular Today
Quiz Kudos Today
Editor Picks
Curator Picks
Quizzes by...
Day
Popularity
Type
Ratings
Length
Year
Community
Subscriptions
Recent Discussions
Orange Saloon
Badges
Playlists
Quests
Create
Leaderboards
Showdown
Live 5
Trivia Bingo
Activity
Puzzle Library
Sporcle Events
Private Events
Virtual Trivia
Globe League
Become a Host
Pub Owners
SporcleCon
Opinionation
Our Games
Videos
Blog
Mobile Apps
Partnerships
Remove Ads and Go Orange
Feedback
Sports
Athletes
MLB
NBA
NHL
NFL
Soccer
Sports Teams
WWE
NCAA
Football
Premier League
Basketball
Baseball
Hockey
Golf
Tennis
Cricket
Rugby
Auto Racing
Olympics
World Cup
Sports
Athletes
MLB
NBA
NHL
NFL
Soccer
Sports Teams
WWE
NCAA
Football
Premier League
Basketball
Baseball
Hockey
Golf
Tennis
Cricket
Rugby
Auto Racing
Olympics
World Cup
Random Quiz
Search Sporcle
×
Quiz Lab
Quiz Lab
Sports
MLB
Type in answers that appear in a list
Type in answers that appear in a list
Classic
Best Score? Go Orange.
Active 1000 K Pitchers Stats
Can you name the Active MLB pitchers who have recorded at least 1000 career strikeouts?
By
CUYanks
10m
62 Questions
1,807 Plays
1,807 Plays
1,807 Plays
Comments
Comments
Give Quiz Kudos
Give Quiz Kudos
-
- Ratings
hide this ad
More Info
Replay
Link that replays current quiz
Next Quiz
Link to next quiz in quiz playlist
You Got
0%
They Got
Avg Score
45%
Avg Friend Score
Upgrade to see
Score Distribution
Jump to the score distribution portion of the page
Score
0/62
Timer
10:00
0
Plays Today
Last Team Pitched For
Pitcher
% Correct
NYY
CC Sabathia
89.3%
PHI
Roy Halladay
88.6%
NYY
Andy Pettitte
79.2%
NYY
Mariano Rivera
76.9%
PHI
Jamie Moyer
76.3%
TEX
Cliff Lee
76%
STL
Chris Carpenter
75.5%
PHI
Roy Oswalt
75.2%
NYM
Johan Santana
75.2%
ATL
Tim Hudson
74%
WAS
Livan Hernandez
73.8%
SEA
Felix Hernandez
73.8%
NYM***
Orlando Hernandez
73.7%
PHI*
Pedro Martinez
72.9%
SFG
Barry Zito
72.6%
BOS
Josh Beckett
72.1%
NYY
AJ Burnett
67.5%
BOS
Tim Wakefield
67.3%
CWS
Mark Buehrle
67.1%
ARI
Brandon Webb
67%
CHC
Carlos Zambrano
64%
CWS
Jake Peavy
56.9%
BOS
John Lackey
55.8%
LAA
Dan Haren
55.2%
NYY
Javier Vazquez
53.8%
OAK
Ben Sheets
53.5%
MIL
Trevor Hoffman
53%
ATL
Derek Lowe
51.1%
CIN
Aaron Harang
50.3%
CIN
Bronson Arroyo
49.3%
BAL
Kevin Millwood
49%
Last Team Pitched For
Pitcher
% Correct
NYY
Kerry Wood
45.3%
CWS*
Bartolo Colon
42.1%
CWS
Freddy Garcia
41.3%
LAD
Jeff Weaver
41.3%
LAD
Ted Lilly
40.8%
ATL
Billy Wagner
37.2%
CHC
Ryan Dempster
37.1%
STL
Brad Penny
32.9%
MIL
Randy Wolf
31.3%
SDP
Jon Garland
31.3%
NYM
Oliver Perez
31.2%
HOU
Brett Myers
29.9%
LAD*
Jason Schmidt
28.9%
KCR
Gil Meche
28.2%
STL
Jeff Suppan
27.3%
MIL
Doug Davis
26.6%
LAD
Vicente Padilla
26.2%
HOU*
Mike Hampton
23.8%
PIT
Chan Ho Park
20.7%
CIN
Arthur Rhodes
14.1%
LAD
Russ Ortiz
13.6%
DET*
Jarrod Washburn
13.4%
LAA*
Kelvim Escobar
12.8%
LAD
Octavio Dotel
12.5%
KCR*
Sidney Ponson
9.7%
ARI*
Tom Gordon
8.6%
WAS
Miguel Batista
6%
TEX
Darren Oliver
5.9%
LAD*
Eric Milton
3.2%
OAK*
Brett Tomko
1.8%
COL*
Glendon Rusch
0.4%
Quiz Playlist
Details
Report
Send in Message
Add To Playlist
More Info:
Players are considered Active as per mlb.com. *,**,*** indicates a player has not pitched in 1, 2, or 3 years, respectively.
Classic:
Type in answers that appear in a list
Quiz Source
Last Updated: Feb 16, 2017
Quiz Scoreboard
CHALLENGE
Sign Up to Join the Scoreboard
Show All
Scores
Hide
Comments
May contain spoilers
Recently Published
Decade Duel: World Leaders
by jenniferyan
History
4m
Alphabetical 'K' Countries by Flag Minefield
by ylime102
Geography
3m
Pick 6: Fruits
by JohnFran
Miscellaneous
15s
More to Explore
Quiz From the Vault
Featured Blog Post
15 Basketball Trivia Facts You Can Be March Mad About
hide this ad
You Might Also Like...
Tags
Baseball Quiz
MLB Quiz
1000
Active
Career
last
least
Pitched
Pitchers
Recorded
team
Today's Top Quizzes in Sports
Browse Sports
hide this ad
Today's Top Quizzes in MLB
Browse MLB
Top Contributed Quizzes in Sports
1
Les joueurs à 100 buts en Ligue 1 Uber Eats
2
Pick 6: NFL Teams
3
2022 World Cup Stars
4
MLB 2 truths and a lie: Hall of Fame pitchers
5
Pick 6: Minor League Baseball
6
Millionaire: NBA Finals Edition
7
Click the 1998 NBA Draft
8
Criteria MLB: Left Handed Sluggers
9
Pick 6: Olympics
10
Pick 6: NFL WRs
Explore More
Trending Topics
Marvel
Harry Potter
NBA
Disney
Crossword
Anime
Kpop
The Office
Puzzle
Song
Country
WWE
Soccer
Pokémon
NFL
hide this ad
More By:
CUYanks
Quiz
Plays
Rating
Category
Featured
Created
One-Syllable Pro Sports Teams
206,653
4.26
Sports
Oct 2, 2009
Big 4 Multiple MVPs
94,296
4.30
Sports
Feb 4, 2010
VH1 100 Greatest Artists (Then & Now)
66,811
4.46
Music
Sep 10, 2010
Postseason Pitching Wins
25,204
4.60
Sports
Oct 26, 2009
Most Home Runs of Hall of Fame Snubs
3,408
3.71
Sports
Jan 14, 2010
Go to Creator's Profile
Score Distribution
Quiz Creator Spotlight
CUYanks
Follow
Send a Message
Quizzes Created
-
Created Quiz Play Count
-
More By This Creator
Popular Quizzes Today
1
Countries of Asia Without Outlines Minefield
2
Find the US States - No Outlines Minefield
3
Pick 6: Fruits
4
The Countries of the World
5
Alphabetical 'K' Countries by Flag Minefield
6
Find the Countries of Europe - No Outlines Minefield
7
US States
8
Find the US States
More Sports Quizzes
RBS Six Nations Teams (Rugby)
Published
Trending Quizzes
Pick 6: Mountains
Pick 6: Harry Potter
Pick 6: Flags
Pick 6: NFL Teams
Pick 6: Movie Franchises
Recently Updated
Adaptations: Name the Title
pecheneg
NWSL Teams
pecheneg
Women's Final Four Teams by Year
bhenderson79
Presidents Quartet II
eogle
Anything But Clue(do)
eogle
Anything But Oceanian Capitals
eogle
Anything But 7
eogle
Anything But Thing
eogle
Word Ladder: February 29
pecheneg
Song Title Questions
pecheneg
Trending Topics
Harry Potter
Disney
Marvel
Crossword
Anime
NBA
Kpop
Soccer
NFL
Country
WWE
Song
Puzzle
The Office
Pokémon
Your Account Isn't Verified!
In order to create a playlist on Sporcle, you need to verify the email address you used during registration. Go to your
Sporcle Settings
to finish the process.
Report this User
Report this user for behavior that violates our
Community Guidelines
.
Details:
Send Report
Go to the Sporcle.com Mobile Site →
Comments